Southville International School and Colleges
Your cart is empty.
  • Cart
  • Lists
    Public lists Eva Luna New books Lux_list list_1
    Your lists Log in to create your own lists
  • Log in to your account
  • Your cookies
  • Search history
Southville International School and Colleges
  • Advanced search
  • Recent comments
  • Most popular
  • Libraries

Log in to your account

Log in with GOOGLE


If you do not have an external account, but do have a local account, you can still log in:

  1. Home
  2. MARC view: A Safe place to learn :
Normal view MARC view ISBD view

A Safe place to learn : (Record no. 108764)

[ view plain ]
MARC details
000 -LEADER
fixed length control field 00397nam a2200133 a 4500
005 - DATE AND TIME OF LATEST TRANSACTION
control field 20140414093832.0
008 - FIXED-LENGTH DATA ELEMENTS--GENERAL INFORMATION
fixed length control field 030502s19uu xx 00 eng d
050 ## - LIBRARY OF CONGRESS CALL NUMBER
Classification number VHS 300
Item number OR 13
100 ## - MAIN ENTRY--PERSONAL NAME
Personal name Association for Supervision and Curriculum Development
245 ## - TITLE STATEMENT
Title A Safe place to learn :
Remainder of title crisis response & school safety planning /
Statement of responsibility, etc ASCD.
260 ## - PUBLICATION, DISTRIBUTION, ETC. (IMPRINT)
Name of publisher, distributor, etc ASCD.
942 ## - ADDED ENTRY ELEMENTS (KOHA)
Koha item type Audio Visual Materials
Holdings
Withdrawn status Lost status Damaged status Use restrictions Home library Current library Shelving location Date acquired Source of acquisition Total Checkouts Full call number Barcode Date last seen Price effective from Koha item type
        Luxembourg Library Luxembourg Library Audio Visual Material Section 06/20/2003     VHS 300 OR 13 AV0223 04/14/2014 04/14/2014 Audio Visual Materials

A Safe place to learn :

APA

Association for Supervision and Curriculum Development, .A Safe place to learn. : ASCD.

Chicago

Association for Supervision and Curriculum Development, .A Safe place to learn. : ASCD.

Harvard

Association for Supervision and Curriculum Development, .A Safe place to learn. : ASCD.

MLA

Association for Supervision and Curriculum Development, .: ASCD. .

  • Place hold
  • Print
  • Cite
  • Add to your cart (remove)
  • Save record
    BIBTEX Dublin Core MARCXML MARC (non-Unicode/MARC-8) MARC (Unicode/UTF-8) MARC (Unicode/UTF-8, Standard) MODS (XML) RIS
  • More searches
    Search for this title in:
    Other Libraries (WorldCat) Other Databases (Google Scholar) Online Stores (Bookfinder.com) Open Library (openlibrary.org)

Exporting to Dublin Core...

SOUTHVILLE LIBRARY

Southville International School and Colleges Library

1281 Tropical Ave. Cor. Luxembourg St., BF Homes International, Las Pinas City

Tel. No. 8256374 / 252358 Loc. 117/146

Powered by Koha